Liedtext: Herbert Grönemeyer - Land unter - Statistiken

Allgemein
  • Dieses Quiz wurde 6 mal gespielt
  • Das Durchschnittsergebnis liegt bei 163 aus 255
Antwortstatistiken
Textquiz % Korrekt
an
80%
aus
80%
Bist
80%
bring
80%
Bring
80%
den
80%
dich
80%
die
80%
Die
80%
Du
80%
durch
80%
Eis
80%
Endlosigkeit
80%
fort
80%
Geleite
80%
heim
80%
ich
80%
kann
80%
lange
80%
lass
80%
Luft
80%
mich
80%
stur
80%
Sturm
80%
zu
80%
Bord
60%
damit
60%
denn
60%
Der
60%
Ende
60%
Feuer
60%
finden
60%
geht
60%
Himmel
60%
los
60%
mehr
60%
mir
60%
Nacht
60%
nicht
60%
rauhe
60%
Rette
60%
schief
60%
so
60%
soll’s
60%
steht
60%
Steig
60%
Übernimm
60%
und
60%
von
60%
Wacht
60%
Wind
60%
zum
60%
Angst
40%
auch
40%
auf
40%
dass
40%
dort
40%
duellieren
40%
Elemente
40%
Fass
40%
fest
40%
ganz
40%
gegen
40%
Gesicht
40%
Gewalten
40%
Gischt
40%
Hab
40%
halten
40%
hältst
40%
heult
40%
hoch
40%
Horizont
40%
ins
40%
kämpf
40%
keine
40%
kreischen
40%
Kurs
40%
mach
40%
nie
40%
peitscht
40%
Regen
40%
See
40%
sein
40%
sich
40%
sinnlos
40%
Tal
40%
treff
40%
Untergehn
40%
vor’m
40%
vorn
40%
Wellen
40%
entfernt
20%
geb
20%
ist’s
20%
Möven
20%
ozeanweit
20%
schlägt
20%
verlorn
20%
wehren
20%
wieder
20%
stürzen
0%
Keine übereinstimmenden Quizze gefunden
Verteilung der Resultate
Anzahl Personen mit jedem Resultat
Perzentil nach korrekt beantworteten Fragen
Ihre Resultats-Entwicklung
Sie haben dieses Quiz noch nicht gespielt